¿Contra quiénes hay que endurecer las cadenas?
Na minha lista:
| Formato: | Texto |
|---|---|
| Assuntos: | |
| Tags: |
Adicionar Tag
Sem tags, seja o primeiro a adicionar uma tag!
|
MARC
| LEADER | 00000 a a2200000 04500 | ||
|---|---|---|---|
| 001 | 6844 | ||
| 003 | |||
| 040 | |||
| 245 | |a ¿Contra quiénes hay que endurecer las cadenas? | ||
| 650 | |a CURRUPCION POLITICA | ||
| 650 | |a EL SALVADOR | ||
| 773 | |g volumen 28, número 1254; páginas 9-11 | ||
| 999 | |c 31808 |d 31808 | ||
